[Event "Helsingor Xtracon op"]
[Site "Helsingor"]
[Date "2018.07.28"]
[Round "9"]
[White "Stochkel, Casper"]
[Black "Wahlgreen, Noah Krug"]
[Result "1/2-1/2"]
[WhiteElo "1784"]
[BlackElo "1568"]
[PlyCount "72"]
[EventDate "2018.07.21"]
[EventType "swiss"]
[EventRounds "10"]
[EventCountry "DEN"]
[SourceTitle "CBM 185 Extra"]
[Source "ChessBase"]
[SourceDate "2018.07.29"]
[SourceVersion "1"]
[SourceVersionDate "2018.07.29"]
[SourceQuality "1"]

1. d4 Nf6 2. c4 g6 3. Nc3 Bg7 4. g3 0-0 5. Bg2 d6 6. Nf3 c5 7. 0-0 Nbd7 8. Bg5 Nb6 9. Qd3 cxd4 10. Nxd4 Qc7 11. Nd5 Nfxd5 12. cxd5 Qc5 13. Nb3 Qc4 14. Bxe7 Qxd3 15. exd3 Bxb2 16. Bxf8 Bxa1 17. Bxd6 Bf6 18. Nc5 Bd4 19. Re1 Bxc5 20. Bxc5 Bf5 21. d4 Nc4 22. Rc1 b5 23. Bf1 Rd8 24. Bxc4 bxc4 25. Rxc4 Rxd5 26. Ra4 Kg7 27. f3 Bd3 28. Rxa7 Rf5 29. Kf2 Be4 30. Ra3 Rf6 31. Ke2 Bd5 32. f4 Re6+ 33. Kd2 Bc4 34. Kc3 Bd5 35. Kb4 Re2 36. h4 Rxa2 1/2-1/2